[Event "Nybolig Erhverv Chess Kandidat 2017"]
[Site "Fredericia"]
[Date "2017.05.26"]
[Round "1"]
[White "Light, Bjarne"]
[Black "Aagaard, Gert"]
[Result "1-0"]
[WhiteElo "2151"]
[BlackElo "2056"]
[PlyCount "95"]
[EventDate "2017.??.??"]

1. c4 e5 2. g3 Nf6 3. Bg2 d5 4. cxd5 Nxd5 5. Nc3 Nb6 6. d3 Be7 7. Be3 Nc6 8.
Nf3 Be6 9. d4 f6 10. O-O exd4 11. Nxd4 Nxd4 12. Bxd4 c6 13. Ne4 Bd5 14. e3 O-O
15. Qc2 Nd7 16. Rfd1 b6 17. Bh3 Qe8 18. Nc3 Bf3 19. Rd2 c5 20. Qf5 Ne5 21. Bxe5
fxe5 22. Qxe5 Bf6 23. Qxe8 Rfxe8 24. Bg2 Bxg2 25. Kxg2 Rad8 26. Rad1 Rxd2 27.
Rxd2 Rd8 28. Rxd8+ Bxd8 29. Kf3 Kf7 30. Ke4 Ke6 31. b3 a6 32. f4 b5 33. Kd3 Ba5
34. Nd1 Kd5 35. e4+ Ke6 36. Ne3 Be1 37. e5 Bf2 38. Ke4 Bg1 39. f5+ Kd7 40. h3
Bf2 41. g4 Ke7 42. Nd5+ Kd7 43. Nf4 c4 44. bxc4 bxc4 45. Nh5 c3 46. Kd3 Bd4 47.
e6+ Ke7 48. Nf4 1-0

[Event "Nybolig Erhverv Chess Kandidat 2017"]
[Site "Fredericia"]
[Date "2017.05.26"]
[Round "1"]
[White "Bjerre, Tavs"]
[Black "Firooznia, Farzam"]
[Result "1-0"]
[WhiteElo "2072"]
[BlackElo "2078"]
[PlyCount "79"]
[EventDate "2017.??.??"]

1. d4 Nf6 2. c4 c5 3. d5 b5 4. cxb5 a6 5. bxa6 g6 6. Nc3 Bg7 7. g3 d6 8. Bg2
O-O 9. Nf3 Bxa6 10. O-O Nbd7 11. Rb1 Ng4 12. h3 Nge5 13. Nd2 Qa5 14. Qc2 Nc4
15. Nxc4 Bxc4 16. Bd2 Ba6 17. b3 Rfb8 18. a4 Qc7 19. Rfc1 Rb7 20. Bf1 Rab8 21.
e4 Bxf1 22. Kxf1 Ne5 23. Kg2 Qb6 24. f4 Nd7 25. Nb5 e6 26. Bc3 Nf6 27. Qb2 e5
28. Re1 Nd7 29. Rf1 f6 30. Rf2 Re8 31. Qd2 Re7 32. Ba5 Qa6 33. Nc7 Qa7 34. Ne6
Qb8 35. Qc2 Nf8 36. Nd8 exf4 37. gxf4 Rb4 38. Nc6 Qe8 39. Nxe7+ Qxe7 40. Bxb4
1-0

[Event "Nybolig Erhverv Chess Kandidat 2017"]
[Site "Fredericia"]
[Date "2017.05.26"]
[Round "1"]
[White "Sorensen, Torben Kyhl"]
[Black "Madsen, Michael B"]
[Result "1-0"]
[WhiteElo "2124"]
[BlackElo "2108"]
[PlyCount "83"]
[EventDate "2017.??.??"]

1. e4 c5 2. c3 d5 3. exd5 Qxd5 4. d4 Nf6 5. Nf3 a6 6. dxc5 Qxc5 7. Be3 Qc7 8.
Nbd2 e6 9. Qb3 Nbd7 10. a4 Bc5 11. Nc4 Bxe3 12. Nxe3 b6 13. Qb4 Qc5 14. Qxc5
Nxc5 15. Nc4 Nd5 16. Nd6+ Ke7 17. Nxc8+ Rhxc8 18. g3 Rc7 19. Be2 Nb3 20. Ra3
Na5 21. O-O h6 22. Rd1 Raa7 23. Nd2 Nc6 24. Kf1 Ne5 25. Rb3 Rc6 26. c4 Nf6 27.
Rc3 Rd6 28. b4 Rad7 29. Ke1 Nd3+ 30. Bxd3 Rxd3 31. Rb3 Rxb3 32. Nxb3 Rxd1+ 33.
Kxd1 Ne4 34. Kc2 Nxf2 35. c5 bxc5 36. Nxc5 Ng4 37. Nxa6 Kd6 38. b5 Ne3+ 39. Kd3
Nd5 40. a5 Nc7 41. Nxc7 Kxc7 42. Kd4 1-0

[Event "Nybolig Erhverv Chess Kandidat 2017"]
[Site "Fredericia"]
[Date "2017.05.26"]
[Round "1"]
[White "Grove, Peter"]
[Black "Konstantinov, Maxim"]
[Result "1-0"]
[WhiteElo "2159"]
[BlackElo "2007"]
[PlyCount "62"]
[EventDate "2017.??.??"]

1. e4 c5 2. Nf3 d6 3. d4 cxd4 4. Qxd4 Nc6 5. Bb5 Bd7 6. Bxc6 Bxc6 7. Nc3 Nf6 8.
Bg5 Qb6 9. Qd3 Ng4 10. O-O h6 11. Bd2 e6 12. h3 Ne5 13. Nxe5 dxe5 14. Qg3 Qxb2
15. Qxe5 Qxc2 16. Be3 Bb4 17. Nd5 Bxd5 18. exd5 O-O 19. Bd4 Qg6 20. dxe6 fxe6
21. Rab1 a5 22. Rb3 Rf5 23. Qe4 Qf7 24. Rg3 Bf8 25. Be5 Rd8 26. f4 b5 27. Rc1
b4 28. Rc7 Rd7 29. Rc8 a4 30. Qxb4 g6 31. Qxa4 Kh7 1-0

[Event "Nybolig Erhverv Chess Kandidat 2017"]
[Site "Fredericia"]
[Date "2017.05.26"]
[Round "1"]
[White "Pedersen, Jan Nordenbaek"]
[Black "Wieth Klitgaard, Peter"]
[Result "1/2-1/2"]
[WhiteElo "2219"]
[BlackElo "2175"]
[PlyCount "49"]
[EventDate "2017.??.??"]

1. e4 d5 2. exd5 Qxd5 3. Nc3 Qd8 4. d4 Nf6 5. Nf3 c6 6. h3 Bf5 7. g4 Bg6 8. Ne5
Nbd7 9. Nxg6 hxg6 10. Bg2 e6 11. g5 Nd5 12. Nxd5 cxd5 13. h4 Qc7 14. c3 Bd6 15.
Qf3 Nb6 16. b3 O-O-O 17. Bd2 e5 18. dxe5 Rde8 19. O-O-O Rxe5 20. Bf4 Rf5 21.
Bxd6 Rxf3 22. Bxc7 Rxc3+ 23. Kb2 Rxc7 24. Bxd5 Nxd5 25. Rxd5 1/2-1/2

[Event "Nybolig Erhverv Chess Kandidat 2017"]
[Site "Fredericia"]
[Date "2017.05.27"]
[Round "2"]
[White "Bjerre, Tavs"]
[Black "Light, Bjarne"]
[Result "1/2-1/2"]
[WhiteElo "2072"]
[BlackElo "2151"]
[PlyCount "42"]
[EventDate "2017.??.??"]

1. d4 Nf6 2. c4 e6 3. Nc3 Bb4 4. e3 c5 5. Bd3 O-O 6. Nf3 b6 7. O-O Bb7 8. Qc2
cxd4 9. Nxd4 Nc6 10. a3 Be7 11. Nxc6 dxc6 12. b3 Qc7 13. Ne4 Ng4 14. Ng3 f5 15.
Be2 Ne5 16. f4 Nd7 17. Bb2 Rae8 18. Rad1 c5 19. Bf3 Bxf3 20. Rxf3 Bf6 21. Bxf6
Nxf6 1/2-1/2

[Event "Nybolig Erhverv Chess Kandidat 2017"]
[Site "Fredericia"]
[Date "2017.05.27"]
[Round "2"]
[White "Grove, Peter"]
[Black "Sorensen, Torben Kyhl"]
[Result "1-0"]
[WhiteElo "2159"]
[BlackElo "2124"]
[PlyCount "57"]
[EventDate "2017.??.??"]

1. d4 d5 2. c4 c6 3. Nf3 Nf6 4. cxd5 cxd5 5. Nc3 Nc6 6. Bf4 g6 7. Ne5 Nh5 8.
Bd2 f6 9. Nf3 e6 10. g4 Ng7 11. h4 f5 12. gxf5 Nxf5 13. h5 gxh5 14. e4 dxe4 15.
Ng5 Ng7 16. Ncxe4 Bb4 17. Bxb4 Nxb4 18. Qa4+ Nc6 19. O-O-O O-O 20. Qc2 Rf5 21.
Rg1 Bd7 22. Bh3 Rc8 23. Kb1 Nxd4 24. Bxf5 Rxc2 25. Rxd4 exf5 26. Rxd7 Qb6 27.
Kxc2 fxe4 28. Kb1 Nf5 29. Ne6+ 1-0

[Event "Nybolig Erhverv Chess Kandidat 2017"]
[Site "Fredericia"]
[Date "2017.05.27"]
[Round "2"]
[White "Wieth Klitgaard, Peter"]
[Black "Bonnelykke, Ole"]
[Result "1/2-1/2"]
[WhiteElo "2175"]
[BlackElo "2015"]
[PlyCount "100"]
[EventDate "2017.??.??"]

1. e4 c5 2. d4 cxd4 3. c3 d3 4. Bxd3 Nc6 5. c4 e6 6. Nc3 a6 7. Nf3 Qc7 8. O-O
Nf6 9. h3 b6 10. Qe2 d6 11. Be3 Bb7 12. Rac1 Ne5 13. Nxe5 dxe5 14. Bc2 Bc5 15.
Bxc5 bxc5 16. Rfd1 Ke7 17. a3 Rhd8 18. b4 Rd4 19. b5 Rad8 20. a4 Qa5 21. Rxd4
cxd4 22. bxa6 Bxa6 23. Nb5 Bxb5 24. axb5 Nd7 25. Rd1 Nc5 26. Bd3 Qc3 27. Qd2 f6
28. Kf1 Ra8 29. Qxc3 dxc3 30. Bc2 Ra2 31. Rc1 Kd6 32. f3 Kc7 33. g3 Kb6 34. Ke1
Ka5 35. Kd1 Rb2 36. Rb1 Kb4 37. Kc1 Rxb1+ 38. Bxb1 Kxc4 39. Kc2 Kxb5 40. Kxc3
Kc6 41. Kc4 Kd6 42. Bc2 Nd7 43. Kd3 f5 44. Ke3 g6 45. h4 Nc5 46. h5 Nd7 47.
hxg6 hxg6 48. g4 fxg4 49. fxg4 Nf6 50. Bd1 g5 1/2-1/2

[Event "Nybolig Erhverv Chess Kandidat 2017"]
[Site "Fredericia"]
[Date "2017.05.27"]
[Round "2"]
[White "Pedersen, Jan Nordenbaek"]
[Black "Wilton, Lars"]
[Result "1/2-1/2"]
[WhiteElo "2219"]
[BlackElo "2075"]
[PlyCount "48"]
[EventDate "2017.??.??"]

1. e4 d5 2. exd5 Nf6 3. d4 Nxd5 4. Nf3 g6 5. c4 Nb6 6. Nc3 Bg7 7. h3 O-O 8. Be3
Nc6 9. Qd2 e5 10. d5 Ne7 11. g4 e4 12. Nh4 f5 13. gxf5 Nxf5 14. Nxf5 Bxf5 15.
O-O-O Nd7 16. Ne2 Ne5 17. Ng3 Nf3 18. Qc2 Qh4 19. Kb1 Rae8 20. Qc1 a5 21. Be2
h6 22. Ka1 Kh7 23. d6 cxd6 24. Rxd6 Ne5 1/2-1/2

[Event "Nybolig Erhverv Chess Kandidat 2017"]
[Site "Fredericia"]
[Date "2017.05.27"]
[Round "2"]
[White "Firooznia, Farzam"]
[Black "Aagaard, Gert"]
[Result "1-0"]
[WhiteElo "2078"]
[BlackElo "2056"]
[PlyCount "103"]
[EventDate "2017.??.??"]

1. e4 d5 2. exd5 Qxd5 3. Nc3 Qa5 4. d4 Nf6 5. Nf3 Bf5 6. Bd2 e6 7. Bc4 c6 8.
Ne4 Bb4 9. Nd6+ Kf8 10. Nxf5 exf5 11. c3 Bd6 12. Qb3 Nbd7 13. Bxf7 Qb6 14. O-O
Qxb3 15. Bxb3 Ne4 16. Be6 Ndf6 17. Bxf5 Nxd2 18. Nxd2 g6 19. Bd3 Re8 20. Rfe1
Kg7 21. Nf3 Nd5 22. Rxe8 Rxe8 23. Re1 Rd8 24. g3 Kf6 25. Bc4 Nc7 26. Nd2 Bf8
27. f4 b5 28. Bb3 Kg7 29. Ne4 h6 30. Kf2 a5 31. Nc5 a4 32. Bc2 Bxc5 33. dxc5
Na6 34. Rd1 Rxd1 35. Bxd1 Nxc5 36. Ke3 Na6 37. Bf3 c5 38. Bc6 a3 39. bxa3 Nc7
40. Ke4 Kf6 41. a4 bxa4 42. Bxa4 g5 43. fxg5+ hxg5 44. Bc6 Ke6 45. a4 Kd6 46.
Bb5 Nd5 47. c4 Ne7 48. a5 Ke6 49. a6 Nc8 50. h4 gxh4 51. gxh4 Na7 52. h5 1-0

[Event "Nybolig Erhverv Chess Kandidat 2017"]
[Site "Fredericia"]
[Date "2017.05.27"]
[Round "2"]
[White "Konstantinov, Maxim"]
[Black "Madsen, Michael B"]
[Result "0-1"]
[WhiteElo "2007"]
[BlackElo "2108"]
[PlyCount "50"]
[EventDate "2017.??.??"]

1. c4 a6 2. d4 Nf6 3. Nc3 c5 4. d5 b5 5. cxb5 axb5 6. Nxb5 e6 7. dxe6 Qa5+ 8.
Nc3 fxe6 9. Bd2 Qb6 10. e4 Nc6 11. Nf3 d5 12. exd5 exd5 13. Qe2+ Be7 14. Qb5
Qc7 15. Bf4 Bd6 16. Bxd6 Qxd6 17. O-O-O O-O 18. Nxd5 Nxd5 19. Bc4 Be6 20. Rhe1
Bf7 21. Bb3 Rfb8 22. Qe2 Rxb3 23. axb3 Ra1+ 24. Kc2 Ncb4+ 25. Kd2 Qf4+ 0-1

[Event "Nybolig Erhverv Chess Kandidat 2017"]
[Site "Fredericia"]
[Date "2017.05.27"]
[Round "3"]
[White "Light, Bjarne"]
[Black "Grove, Peter"]
[Result "1/2-1/2"]
[WhiteElo "2151"]
[BlackElo "2159"]
[PlyCount "27"]
[EventDate "2017.??.??"]

1. c4 c5 2. g3 g6 3. Bg2 Bg7 4. Nc3 Nc6 5. Nf3 e6 6. d4 Nxd4 7. Nxd4 cxd4 8.
Nb5 Qb6 9. Qa4 Ne7 10. e3 O-O 11. Nxd4 d5 12. cxd5 Nxd5 13. O-O Rd8 14. Rd1
1/2-1/2

[Event "Nybolig Erhverv Chess Kandidat 2017"]
[Site "Fredericia"]
[Date "2017.05.27"]
[Round "3"]
[White "Sorensen, Torben Kyhl"]
[Black "Bjerre, Tavs"]
[Result "1/2-1/2"]
[WhiteElo "2124"]
[BlackElo "2072"]
[PlyCount "50"]
[EventDate "2017.??.??"]

1. e4 c5 2. c3 Nf6 3. e5 Nd5 4. Nf3 e6 5. d4 cxd4 6. cxd4 d6 7. Bc4 Nc6 8. O-O
Be7 9. Qe2 O-O 10. Nc3 Nxc3 11. bxc3 dxe5 12. dxe5 Qa5 13. Bd2 Rd8 14. Rfe1 b6
15. Bb3 Bb7 16. Qe4 Rd7 17. Qg4 Rad8 18. Bh6 Bf8 19. Bg5 Ne7 20. Rac1 Bd5 21.
Nd4 Rc8 22. c4 Rdc7 23. Bd2 Qxd2 24. Rcd1 Qh6 25. cxd5 Nxd5 1/2-1/2

[Event "Nybolig Erhverv Chess Kandidat 2017"]
[Site "Fredericia"]
[Date "2017.05.27"]
[Round "3"]
[White "Bonnelykke, Ole"]
[Black "Pedersen, Jan Nordenbaek"]
[Result "1-0"]
[WhiteElo "2015"]
[BlackElo "2219"]
[PlyCount "67"]
[EventDate "2017.??.??"]

1. e4 c5 2. Nc3 a6 3. g3 b5 4. Bg2 Bb7 5. d3 e6 6. f4 d5 7. e5 b4 8. Nce2 h5 9.
Nf3 Nh6 10. O-O Qb6 11. c3 Nc6 12. a3 bxa3 13. bxa3 c4+ 14. d4 Na5 15. Bh3 g6
16. Be3 Nb3 17. Ra2 a5 18. f5 Nxf5 19. Bxf5 gxf5 20. Bg5 Be7 21. Nf4 Bxg5 22.
Nxg5 h4 23. Nh5 hxg3 24. Nf6+ Ke7 25. hxg3 Rh6 26. Rh2 Rxh2 27. Kxh2 Rh8+ 28.
Kg2 Qd8 29. Rh1 Qf8 30. Rh5 Rxh5 31. Qxh5 Qg7 32. Qh4 Qg6 33. Qh8 Bc6 34. Ngh7
1-0

[Event "Nybolig Erhverv Chess Kandidat 2017"]
[Site "Fredericia"]
[Date "2017.05.27"]
[Round "3"]
[White "Wieth Klitgaard, Peter"]
[Black "Wilton, Lars"]
[Result "1-0"]
[WhiteElo "2175"]
[BlackElo "2075"]
[PlyCount "37"]
[EventDate "2017.??.??"]

1. d4 d5 2. Bf4 Bf5 3. e3 c6 4. c4 e6 5. Nc3 Nf6 6. Qb3 Qb6 7. c5 Qxb3 8. axb3
Nbd7 9. h3 a6 10. Nf3 Be7 11. b4 Rc8 12. Nd2 Bd8 13. Nb3 Bc7 14. Bxc7 Rxc7 15.
b5 Ke7 16. b6 Rcc8 17. Na5 Ra8 18. Nxb7 Rhb8 19. Na5 1-0

[Event "Nybolig Erhverv Chess Kandidat 2017"]
[Site "Fredericia"]
[Date "2017.05.27"]
[Round "3"]
[White "Madsen, Michael B"]
[Black "Firooznia, Farzam"]
[Result "0-1"]
[WhiteElo "2108"]
[BlackElo "2078"]
[PlyCount "82"]
[EventDate "2017.??.??"]

1. d4 f5 2. c4 Nf6 3. Nc3 g6 4. h4 Bg7 5. h5 Nxh5 6. e4 d6 7. exf5 Nf6 8. fxg6
hxg6 9. Rxh8+ Bxh8 10. Qf3 Nc6 11. Bd3 Bf5 12. Bxf5 gxf5 13. Qh3 Bg7 14. Qxf5
Nxd4 15. Qd3 c5 16. Be3 e5 17. Qg6+ Kf8 18. O-O-O Qe8 19. Qg3 Qe6 20. b3 Qf5
21. Bxd4 cxd4 22. Nb5 Bh6+ 23. Kb2 Ne4 24. Qf3 Qxf3 25. gxf3 Nxf2 26. Rf1 Nd3+
27. Kb1 Ke7 28. Ne2 Rg8 29. Rh1 Be3 30. Nc7 Rg2 31. Nd5+ Kd7 32. Rh7+ Kc8 33.
Rh8+ Kd7 34. Rh7+ Ke8 35. Nf6+ Kf8 36. Nd7+ Ke8 37. Nf6+ Kd8 38. Rh8+ Ke7 39.
Nd5+ Kf7 40. Nxe3 dxe3 41. Kc2 Nf4 0-1

[Event "Nybolig Erhverv Chess Kandidat 2017"]
[Site "Fredericia"]
[Date "2017.05.27"]
[Round "3"]
[White "Aagaard, Gert"]
[Black "Konstantinov, Maxim"]
[Result "1-0"]
[WhiteElo "2056"]
[BlackElo "2007"]
[PlyCount "95"]
[EventDate "2017.??.??"]

1. d4 d5 2. c4 c6 3. Nf3 Nf6 4. e3 e6 5. Nc3 Nbd7 6. Qc2 Bd6 7. b3 O-O 8. Be2
b6 9. O-O Bb7 10. Bb2 Qe7 11. Rac1 Rac8 12. Qb1 Ba3 13. Rfd1 Bxb2 14. Qxb2 Ne4
15. Nxe4 dxe4 16. Nd2 c5 17. Qa3 a5 18. Nb1 f5 19. Nc3 Qg5 20. d5 exd5 21. cxd5
Rf6 22. Qa4 Ne5 23. Kf1 h5 24. g3 h4 25. Kg2 Rh6 26. Rg1 Rd8 27. Rcd1 h3+ 28.
Kh1 Ng4 29. Rgf1 Rhd6 30. Kg1 Nf6 31. f4 Qg6 32. Nb5 R6d7 33. d6 Kh7 34. Nc7
Rxd6 35. Ne6 Rxd1 36. Rxd1 Rxd1+ 37. Bxd1 Kg8 38. Ng5 Kf8 39. Qb5 Ne8 40. Qd7
Bc6 41. Ne6+ Kg8 42. Qxc6 Nc7 43. Qxc7 Qxe6 44. Qd8+ Kh7 45. Be2 Qg6 46. Bc4
Qc6 47. Bg8+ Kh6 48. Qg5# 1-0

[Event "Nybolig Erhverv Chess Kandidat 2017"]
[Site "Fredericia"]
[Date "2017.05.28"]
[Round "4"]
[White "Bjerre, Tavs"]
[Black "Grove, Peter"]
[Result "0-1"]
[WhiteElo "2072"]
[BlackElo "2159"]
[PlyCount "114"]
[EventDate "2017.??.??"]

1. d4 Nf6 2. c4 c5 3. d5 b5 4. cxb5 a6 5. bxa6 g6 6. Nc3 Bg7 7. g3 d6 8. Bg2
Nbd7 9. Nf3 O-O 10. O-O Nb6 11. Rb1 Bf5 12. Ra1 Ne4 13. Nh4 Nxc3 14. bxc3 Bd7
15. Rb1 Rxa6 16. e4 Na4 17. Qd3 Qc8 18. c4 Nc3 19. Rb3 Nxa2 20. Bb2 Nb4 21. Qb1
Bxb2 22. Rxb2 Ra3 23. Rb3 Qa6 24. Rxa3 Qxa3 25. Qc1 Qxc1 26. Rxc1 Ra8 27. Bf1
Ra2 28. Ng2 Nc2 29. Ne1 Nd4 30. Kg2 Ba4 31. Bd3 f6 32. Nf3 Nb3 33. Re1 Bd7 34.
Rb1 Na5 35. Rb8+ Kf7 36. Rb1 Ra3 37. Ne1 Rc3 38. Ra1 Nxc4 39. Kf1 Ne5 40. Be2
Bg4 41. Bxg4 Nxg4 42. h3 Ne5 43. Ke2 Rb3 44. Ra8 Nd7 45. Kd2 f5 46. Ra7 Ne5 47.
Kc2 Rb8 48. exf5 gxf5 49. Ng2 Nf3 50. Nf4 Ng5 51. h4 Ne4 52. Nh3 h6 53. Ra2 Rb4
54. Kc1 Rc4+ 55. Kb2 Rd4 56. Kb3 Rxd5 57. Nf4 Rd1 0-1

[Event "Nybolig Erhverv Chess Kandidat 2017"]
[Site "Fredericia"]
[Date "2017.05.28"]
[Round "4"]
[White "Bonnelykke, Ole"]
[Black "Light, Bjarne"]
[Result "0-1"]
[WhiteElo "2015"]
[BlackElo "2151"]
[PlyCount "48"]
[EventDate "2017.??.??"]

1. e4 c5 2. Nc3 Nc6 3. d3 a6 4. a4 g6 5. Be3 d6 6. Qd2 Bg7 7. g3 Rb8 8. Bg2 b5
9. axb5 axb5 10. f4 b4 11. Nd1 Qc7 12. Nf3 Nh6 13. h3 f5 14. Ng5 Nf7 15. Nxf7
Kxf7 16. exf5 gxf5 17. g4 Rf8 18. Bf3 Kg8 19. Qg2 Nd4 20. Bxd4 Bxd4 21. gxf5+
Kh8 22. c3 bxc3 23. bxc3 Bf6 24. Qg4 Bxf5 0-1

[Event "Nybolig Erhverv Chess Kandidat 2017"]
[Site "Fredericia"]
[Date "2017.05.28"]
[Round "4"]
[White "Firooznia, Farzam"]
[Black "Wieth Klitgaard, Peter"]
[Result "1/2-1/2"]
[WhiteElo "2078"]
[BlackElo "2175"]
[PlyCount "23"]
[EventDate "2017.??.??"]

1. e4 d5 2. exd5 Qxd5 3. Nc3 Qd8 4. d4 Nf6 5. Nf3 c6 6. Bc4 Bf5 7. O-O e6 8.
Bg5 Be7 9. Re1 Nbd7 10. Bd3 Bxd3 11. Qxd3 h6 12. Bh4 1/2-1/2

[Event "Nybolig Erhverv Chess Kandidat 2017"]
[Site "Fredericia"]
[Date "2017.05.28"]
[Round "4"]
[White "Wilton, Lars"]
[Black "Sorensen, Torben Kyhl"]
[Result "1/2-1/2"]
[WhiteElo "2075"]
[BlackElo "2124"]
[PlyCount "50"]
[EventDate "2017.??.??"]

1. c4 Nf6 2. Nc3 g6 3. e4 d6 4. d4 Bg7 5. Nf3 O-O 6. Be2 e5 7. dxe5 dxe5 8.
Qxd8 Rxd8 9. Bg5 Re8 10. O-O-O Bg4 11. Nb5 Na6 12. h3 Nxe4 13. hxg4 Nxf2 14.
Rhf1 Nxd1 15. Rxd1 f6 16. Be3 Red8 17. Re1 c6 18. Nc3 Nb4 19. a3 Nd3+ 20. Bxd3
Rxd3 21. Kc2 Rd7 22. Ne4 b6 23. g5 fxg5 24. Bxg5 Rf8 25. Bd2 Re8 1/2-1/2

[Event "Nybolig Erhverv Chess Kandidat 2017"]
[Site "Fredericia"]
[Date "2017.05.28"]
[Round "4"]
[White "Konstantinov, Maxim"]
[Black "Pedersen, Jan Nordenbaek"]
[Result "0-1"]
[WhiteElo "2007"]
[BlackElo "2219"]
[PlyCount "80"]
[EventDate "2017.??.??"]

1. d4 Nf6 2. c4 g6 3. Nc3 Bg7 4. e4 d6 5. Be2 O-O 6. Nf3 e5 7. O-O Nc6 8. d5
Ne7 9. Ne1 Nd7 10. f3 f5 11. g4 Kh8 12. Nd3 Ng8 13. Be3 Bh6 14. Qd2 Bxe3+ 15.
Qxe3 Ndf6 16. h3 f4 17. Qd2 h5 18. Rf2 Nh7 19. Rh2 Ngf6 20. Kf2 Ne8 21. Rg1 Kg7
22. Kf1 Qh4 23. Qe1 Qxe1+ 24. Kxe1 hxg4 25. hxg4 Ng5 26. Kf2 Bd7 27. Bd1 a6 28.
c5 Nf6 29. Ba4 Rh8 30. Rgh1 Rxh2+ 31. Rxh2 Bxg4 32. fxg4 Nxg4+ 33. Kg2 Nxh2 34.
Kxh2 Rh8+ 35. Kg1 Rh3 36. Bc2 Nf3+ 37. Kg2 Rg3+ 38. Kf2 Nd4 39. Bb1 Rf3+ 40.
Kg2 Re3 0-1

[Event "Nybolig Erhverv Chess Kandidat 2017"]
[Site "Fredericia"]
[Date "2017.05.28"]
[Round "4"]
[White "Aagaard, Gert"]
[Black "Madsen, Michael B"]
[Result "1-0"]
[WhiteElo "2056"]
[BlackElo "2108"]
[PlyCount "67"]
[EventDate "2017.??.??"]

1. d4 Nf6 2. c4 a6 3. f3 c5 4. d5 e6 5. Bg5 exd5 6. cxd5 h6 7. Bh4 Qb6 8. Nc3
Qxb2 9. Rc1 g5 10. Bg3 d6 11. e4 Nbd7 12. Nge2 Qb6 13. Qa4 Qa7 14. h4 gxh4 15.
Rxh4 b5 16. Qd1 Be7 17. Qd2 h5 18. Bf2 Ne5 19. Nf4 Bd7 20. Nh3 Ng6 21. Ng5 Nxh4
22. Bxh4 b4 23. Nd1 Bb5 24. Ne3 Nh7 25. Nf5 Nxg5 26. Bxg5 f6 27. Bh4 Bd7 28.
Nxe7 Kxe7 29. Qf4 Raf8 30. e5 dxe5 31. Qxe5+ Kd8 32. Bxf6+ Kc8 33. Rxc5+ Qxc5
34. Bxa6# 1-0

[Event "Nybolig Erhverv Chess Kandidat 2017"]
[Site "Fredericia"]
[Date "2017.05.28"]
[Round "5"]
[White "Firooznia, Farzam"]
[Black "Light, Bjarne"]
[Result "0-1"]
[WhiteElo "2078"]
[BlackElo "2151"]
[PlyCount "72"]
[EventDate "2017.??.??"]

1. e4 c5 2. Nc3 Nc6 3. Bb5 Nd4 4. Bc4 g6 5. Nge2 Bg7 6. O-O a6 7. a4 e6 8. d3
Ne7 9. Nxd4 cxd4 10. Ne2 d5 11. exd5 Nxd5 12. Nf4 Ne7 13. Bd2 b6 14. Qf3 Ra7
15. Ne2 O-O 16. Ng3 Rc7 17. Rfe1 Bb7 18. Ne4 Nf5 19. Bg5 Qa8 20. Bb3 Kh8 21.
Qh3 f6 22. Bd2 Bd5 23. Bb4 Rd8 24. Nd2 Bxb3 25. cxb3 Qd5 26. Nc4 Rc6 27. Rac1
Rb8 28. Qg4 Bh6 29. Rc2 b5 30. axb5 axb5 31. Na3 Rxc2 32. Nxc2 Qxb3 33. Qe2 Rc8
34. Na3 Qxb4 35. Qxe6 Rf8 36. g4 Nh4 0-1

[Event "Nybolig Erhverv Chess Kandidat 2017"]
[Site "Fredericia"]
[Date "2017.05.28"]
[Round "5"]
[White "Madsen, Michael B"]
[Black "Pedersen, Jan Nordenbaek"]
[Result "0-1"]
[WhiteElo "2108"]
[BlackElo "2219"]
[PlyCount "54"]
[EventDate "2017.??.??"]

1. d4 d5 2. c4 c6 3. Nf3 Nf6 4. e3 e6 5. b3 c5 6. Bb2 cxd4 7. exd4 Qa5+ 8. Bc3
Bb4 9. Bxb4 Qxb4+ 10. Qd2 Nc6 11. Nc3 Ne4 12. Nxe4 dxe4 13. Ng5 Qxd2+ 14. Kxd2
f5 15. Kc3 h6 16. Nxe6 Bxe6 17. d5 Bxd5 18. cxd5 Ne5 19. f3 O-O-O 20. fxe4 fxe4
21. Bc4 Ng4 22. Rae1 Rhe8 23. Re2 Kc7 24. Rhe1 Nf6 25. Rd1 Kd6 26. Kd4 Re5 27.
h3 b5 0-1

[Event "Nybolig Erhverv Chess Kandidat 2017"]
[Site "Fredericia"]
[Date "2017.05.28"]
[Round "5"]
[White "Aagaard, Gert"]
[Black "Sorensen, Torben Kyhl"]
[Result "0-1"]
[WhiteElo "2056"]
[BlackElo "2124"]
[PlyCount "136"]
[EventDate "2017.??.??"]

1. d4 d6 2. Nf3 g6 3. c4 Bg7 4. Nc3 Nf6 5. Bg5 c6 6. Qc2 Qa5 7. e3 Bf5 8. Bd3
Bxd3 9. Qxd3 Nbd7 10. O-O O-O 11. b4 Qxb4 12. Rab1 Qa5 13. Rxb7 Rfb8 14. Rfb1
Rxb7 15. Rxb7 Qa6 16. Rb4 h6 17. Bh4 g5 18. Bg3 Nb6 19. Ne1 Nfd7 20. f3 c5 21.
Rb5 cxd4 22. exd4 Rc8 23. Nd5 Nxd5 24. cxd5 Bxd4+ 25. Kh1 Rc3 26. Qb1 Rc5 27.
a4 Rxd5 28. h4 Rxb5 29. axb5 Qa1 30. Qe4 Be5 31. Bf2 Nc5 32. Qe2 Qb2 33. Nc2
Qc1+ 34. Bg1 Qf4 35. g4 Qg3 36. Nb4 Qh3+ 37. Bh2 Bxh2 38. Qxh2 Qf1+ 39. Qg1
Qxb5 40. Nd5 Qb3 41. Nxe7+ Kf8 42. Nf5 Qxf3+ 43. Kh2 gxh4 44. Qd4 Qe2+ 45. Kh3
Qd3+ 46. Qxd3 Nxd3 47. Nxd6 a5 48. Kxh4 a4 49. Nc4 f6 50. Kh5 Kg7 51. Na3 Nb4
52. Kh4 Kg6 53. Kg3 f5 54. gxf5+ Kxf5 55. Kf3 h5 56. Kg3 Kg5 57. Kh3 h4 58. Kh2
Kg4 59. Kg2 h3+ 60. Kh2 Kh4 61. Nb1 Nc2 62. Kg1 a3 63. Nc3 Nb4 64. Kh2 a2 65.
Nxa2 Nxa2 66. Kg1 Kg3 67. Kh1 Nb4 68. Kg1 Nd3 0-1